000 00288nam a2200133Ia 4500
100 _aThelning/K.E
942 _cBK
654 _aHeat treatment
245 _aSteel & its Heat Treatment
260 _bButterworths
_aLondon
_c1978
082 _a672.36
300 _a570
546 _aENGLISH
999 _c35687
_d35687